00484nam a2200145 i 4500001000700000003000900007005001700016007000300033008004100036100002100077245014900098260003700247300003300284852002100317101219ES-MaACL20230906182841.0t|051014s1924 pe ||||1| spa d1 aMax Medina, Pio.10aAyacucho b: homenaje a la empresa de la emancipación política en el centenario de la batalla del 9 de Diciembre de 1824 / cPio Max Medina. aLima : bTorres Aguirre, c1924. a205 p., 14 lám. ; c25 cm. aES-MaACLjF-6727